| 000 | 00429cam a2200181ua 4500 | ||
|---|---|---|---|
| 020 | _c$ 9.25 | ||
| 041 |
_aeng _h |
||
| 082 |
_a551.48 _bWIS/HY |
||
| 100 | _aWisler, C.O . | ||
| 245 |
_aHydrology / _cC.O.Wisler. _hTextual Documents |
||
| 260 |
_aNew York : _bJohn Wiley & Sons , _c1959. |
||
| 300 | _a408 ; . | ||
| 365 | _a$ 9.25 | ||
| 504 | _a | ||
| 700 | 1 | _aBrater, E.F . | |
| 942 | _cBK | ||
| 999 |
_c10795 _d10795 |
||